Prueba de Nauru - Estadísticas

Estadísticas generales
  • Esta prueba ha sido intentada 567 veces
  • La puntuación promedio es 7 de 13
Estadísticas de respuestas
Pista Respuesta % Correcto
Nauru es el tercer país más _____ del mundo, detrás del Vaticano y Mónaco Pequeño
96%
Subregión a la que pertenece Nauru {Micro}nesia
93%
El número de islas de las que consta Nauru 1
84%
País que invadió en 1942, secuestrando a gran parte de la población masculina adulta para trabajos forzados en las Islas Chuuk Japón
76%
El 61% de los habitantes de Nauru son _____, la tasa más alta del mundo. Obesos
71%
Capital Yaren
65%
Enfermedad que mató a cerca del 18% de la población en 1920 Pandemia de gripe
64%
Trastorno metabólico que afecta al 40% de la población, el más alto del mundo Diabetes
43%
¿Qué representa la línea amarilla de la bandera? Ecuador
43%
El tipo de minería que ha destruido alrededor del 80% de la superficie de Nauru Minería a {cielo} {abierto}
41%
Sustancia que fue extraída, lo que hizo que Nauru (brevemente) fuera el país más rico del mundo Fosfato
36%
De 2001 a 2018, Australia detuvo a este tipo de personas en Nauru Solicitantes de asilo
21%
Nombre anterior de Nauru Isla {Agradable}
10%
No se encontraron pruebas coincidentes
Distribución de puntuación
Porcentaje de gente con cada puntuación
Porcentaje por número respondido
Historial de tus puntuaciones
No has intentado esta prueba.